000 00425nam a22001337a 4500
082 _a621.67
_bSTE
_cL-23, P-3
100 _aStepanoff, A. J.
_941910
245 _acentrifugal and axial flow pumps,
_bTheory, design ans application
_cStepanoff, A. J.
260 _aNew york
_bJohn Wiley & sons
_c1948
300 _ax, 428 p.
_bill.
_c25 cm.
526 _a0
_b0
_c0
_d621_670000000000000_STE
650 _aMCE
_9379
942 _2ddc
_cBK
999 _c545934
_d545934